Central Library OPAC University of Rajshahi

Man and his destiny in the great religions : (Record no. 31451)

MARC details
000 -LEADER
fixed length control field 00844nam a2200217 4500
001 - CONTROL NUMBER
control field 31451
003 - CONTROL NUMBER IDENTIFIER
rucl marc code BD-RjUL
005 - DATE AND TIME OF LATEST TRANSACTION
control field 20211209051713.0
008 - FIXED-LENGTH DATA ELEMENTS--GENERAL INFORMATION
fixed length control field 140416s1962 enk 000 0 eng d
035 ## - SYSTEM CONTROL NUMBER
System control number (BD-RjUL)31539
040 ## - CATALOGING SOURCE
Original cataloging agency CFT
Transcribing agency CFT
Modifying agency BD-RjUL
Language of cataloging eng
041 ## - LANGUAGE CODE
Language code of text/sound track or separate title eng
082 ## - DEWEY DECIMAL CLASSIFICATION NUMBER
Classification number 291
Author mark and year BRM 1962
100 1# - MAIN ENTRY--PERSONAL NAME
Personal name Brandon, S. G. F.
Fuller form of name (Samuel George Frederick),
Dates associated with a name 1907-1971.
9 (RLIN) 95695
245 10 - TITLE STATEMENT
Title Man and his destiny in the great religions :
Remainder of title an historical and comparative study containing the Wilde Lectures in Natural and Comparative Religion delivered in the University of Oxford, 1954-1957 /
Statement of responsibility, etc. by S.G.F. Brandon.
260 ## - PUBLICATION, DISTRIBUTION, ETC. (IMPRINT)
Place of publication, distribution, etc. Manchester :
Name of publisher, distributor, etc. Manchester University Press,
Date of publication, distribution, etc. 1962.
300 ## - PHYSICAL DESCRIPTION
Pagination xiv, 442 p. ;
Size 23 cm.
650 #0 - SUBJECT ADDED ENTRY--TOPICAL TERM
Topical term or geographic name as entry element Theological anthropology
Form subdivision Comparative studies.
9 (RLIN) 95696
Topical term or geographic name as entry element Religions.
9 (RLIN) 95697
942 ## - ADDED ENTRY ELEMENTS (KOHA)
Source of classification or shelving scheme Dewey Decimal Classification
Koha item type Books
Holdings
Lost status Source of classification or shelving scheme Damaged status Not for loan Collection code Permanent Location Current Location Shelving location Date acquired Total Checkouts Full call number Date last seen Copy number Koha item type
  Dewey Decimal Classification   Not For Loan Non-fiction Central Library, University of Rajshahi Central Library, University of Rajshahi Reading Room 16/04/2014   291 BRM 1962 16/04/2014 C-1 Books